| 000 -LEADER |
| fixed length control field |
00673nam a22002177a 4500 |
| 003 - CONTROL NUMBER IDENTIFIER |
| control field |
OSt |
| 005 - DATE AND TIME OF LATEST TRANSACTION |
| control field |
20260124084355.0 |
| 008 - FIXED-LENGTH DATA ELEMENTS--GENERAL INFORMATION |
| fixed length control field |
230606b ||||| |||| 00| 0 eng d |
| 040 ## - CATALOGING SOURCE |
| Transcribing agency |
SSBUL |
| 041 ## - LANGUAGE CODE |
| Language code of text/sound track or separate title |
Shan |
| 082 ## - DEWEY DECIMAL CLASSIFICATION NUMBER |
| Edition number |
23 |
| Classification number |
895.9194 |
| 100 0# - MAIN ENTRY--PERSONAL NAME |
| Personal name |
သႅင်မိူင်းၵုတ်ႈ။ |
| 245 10 - TITLE STATEMENT |
| Title |
ၽိူဝ်ႉမတ်ႉႁူဝ်ၸႂ် / |
| 260 ## - PUBLICATION, DISTRIBUTION, ETC. |
| Place of publication, distribution, etc. |
တႃႈၵုင်ႈ၊ |
| Name of publisher, distributor, etc. |
ဢေး၊ |
| Date of publication, distribution, etc. |
2015 ။ |
| 300 ## - PHYSICAL DESCRIPTION |
| Extent |
xiii, 246 ၼႃႈ၊ |
| Dimensions |
18 ၸိၼ်ႇတီႇ။ |
| 500 ## - GENERAL NOTE |
| General note |
S-SAT: Dr. Prof Sai Aung Tun |
| 650 ## - SUBJECT ADDED ENTRY--TOPICAL TERM |
| Topical term or geographic name entry element |
လိၵ်ႈႁွမ်တွမ် |
| 942 ## - ADDED ENTRY ELEMENTS (KOHA) |
| Koha item type |
Books (Long term) |
| 100 0# - MAIN ENTRY--PERSONAL NAME |
| 9 (RLIN) |
24929 |
| 650 ## - SUBJECT ADDED ENTRY--TOPICAL TERM |
| 9 (RLIN) |
20801 |
|
| Source of classification or shelving scheme |
|
|
| Source of classification or shelving scheme |
|